000 00844nam a2200157 a 4500
008 120416s0000 ||||||||||||||||| || u
020 _a8171693296
050 _aZ 669.7 Res
100 _aGoswami, Mohan Inder
245 1 0 _aResearch methodology in library science
_cedited by Mohan Inder Goswami
260 _aIndia
_bCommonwealth Publishers
_c1995
350 _a0.00
995 _aANNEX COLLECTION (Main Library)
_D0.00
_e732003
_FCBU-MAIN LIBRARY (Kitwe)
_H1
_I25.00
_jZ 669.7 Res
_M1
_UAVAILABLE
_y44983
_ZAnnex Low-Usage Collection
995 _aANNEX COLLECTION (Main Library)
_D0.00
_e732002
_FCBU-MAIN LIBRARY (Kitwe)
_H2
_I25.00
_jZ 669.7 Res
_M2
_UAVAILABLE
_y44979
_ZAnnex Low-Usage Collection
995 _aANNEX COLLECTION (Main Library)
_D0.00
_e732001
_FCBU-MAIN LIBRARY (Kitwe)
_H3
_I25.00
_jZ 669.7 Res
_M3
_UAVAILABLE
_y44984
_ZAnnex Low-Usage Collection
999 _c80155
_d80155